000 00535nam a2200193Ia 4500
008 191130s2007##################000#0#eng##
020 _a9780713999617
040 _aACL
_cACL
082 _a821.0080354 BAR
100 _aBarber, Laura
245 _aPenguin's poems for life
_cLaura Barber
260 _aLondon
_bPenguin Classics
_c2007
300 _axxv, 389 p. ; 24 cm
650 _aEnglish poetry
650 _aLife cycle, Human -- Poetry
990 _a2caaa1b6ac10000c77879bde69ff48d4
991 _a402305
999 _c281896
_d281896